| 000 | 00903nam a22002177a 4500 | ||
|---|---|---|---|
| 999 |
_c9242 _d9242 |
||
| 003 | AR-CdUCM | ||
| 008 | 190327b ||||| |||| 00| 0 spa d | ||
| 020 | _a9786034523210 | ||
| 040 |
_aMUNICIPALIDAD PROVINCIAL DEL CUSCO _cBIBLIOTECA MUNICIPAL DEL CUSCO |
||
| 082 |
_a323.98 / _bV831 |
||
| 100 |
_aDios Simon, Juan de _925320 |
||
| 245 |
_aVisibilidad e invisibilidad de las culturas de los pueblos indígenas : _bestereotipos y posible racismo en los libros de textos escolares (Bolivia, Ecuador y Perú) / |
||
| 260 |
_aLima : _bUnicef, _c2008. |
||
| 300 |
_a411 páginas ; _c27 cm. |
||
| 505 | _aAnálisis de los currículos que sustentan los textos escolares en Ecuador Perú y Bolivia -- Análisis cualitativo de los libros de textos por país... | ||
| 650 |
_aPueblos indígenas. _96988 |
||
| 650 |
_aRacismo. _93784 |
||
| 650 |
_aEstereotipos. _925321 |
||
| 942 |
_2ddc _cLIBROS |
||
| 945 | _awfj | ||